000 00283nam a22001217a 4500
008 170612b xxu||||| |||| 00| 0 eng d
041 _aeng
080 _a94(7//8)
100 _a19
101 _aSHH
245 _aTHE BLACK AMERICAN REFERENCE BOOK
_cSMYTHE.M.M
942 _2udc
_cBK
999 _c16840
_d16840